[Event "Lloyds Bank Masters 3rd"]
[Site "London"]
[Date "1979.08.28"]
[Round "7"]
[White "Law, Andrew P"]
[Black "Botterill, George Steven"]
[Result "1/2-1/2"]
[WhiteElo "2375"]
[BlackElo "2390"]
[PlyCount "46"]
[EventDate "1979.08.22"]
[EventType "swiss"]
[EventRounds "9"]
[EventCountry "ENG"]
[SourceTitle "Big Database 2020"]
[Source "ChessBase"]
[SourceDate "1999.07.01"]
[SourceVersion "1"]
[SourceVersionDate "1999.07.01"]
[SourceQuality "1"]

1. d4 Nf6 2. c4 e6 3. Nc3 Bb4 4. e3 O-O 5. Bd3 c5 6. Nf3 d5 7. O-O Nc6 8. a3
Bxc3 9. bxc3 dxc4 10. Bxc4 Qc7 11. Ba2 e5 12. Qc2 h6 13. e4 Re8 14. Bb2 b6 15.
Rfe1 Bb7 16. Rad1 Rad8 17. Bb1 Qb8 18. d5 Ne7 19. Nh4 Ng6 20. Nxg6 fxg6 21. f4
c4 22. fxe5 Qxe5 23. h3 Nh5 1/2-1/2

[Event "Lloyds Bank Masters 3rd"]
[Site "London"]
[Date "1979.08.28"]
[Round "7"]
[White "Plaskett, H James"]
[Black "Taulbut, Shaun M"]
[Result "1-0"]
[WhiteElo "2410"]
[BlackElo "2390"]
[PlyCount "97"]
[EventDate "1979.08.22"]
[EventType "swiss"]
[EventRounds "9"]
[EventCountry "ENG"]
[SourceTitle "Big Database 2020"]
[Source "ChessBase"]
[SourceDate "1999.07.01"]
[SourceVersion "1"]
[SourceVersionDate "1999.07.01"]
[SourceQuality "1"]

1. e4 e6 2. d4 d5 3. Nd2 Ne7 4. Ngf3 Ng6 5. h4 c5 6. h5 Ne7 7. c3 cxd4 8. cxd4
Nbc6 9. Bb5 h6 10. O-O Bd7 11. Re1 Qb6 12. exd5 Qxb5 13. dxc6 Nxc6 14. Ne4 Nb4
15. Nc3 Qd3 16. Bd2 Bc6 17. Ne5 Qxd4 18. Qe2 Bd6 19. Nxc6 Nxc6 20. Ne4 Be5 21.
Bc3 Qb6 22. Qg4 O-O-O 23. Bxe5 Nxe5 24. Rec1+ Nc6 25. Qxg7 Qd4 26. Nf6 Rhg8 27.
Qxf7 Rgf8 28. Qxe6+ Kb8 29. Ng4 Rde8 30. Qg6 Rg8 31. Rxc6 Rxg6 32. Rxg6 Rf8 33.
Re1 Qb4 34. Re2 Rc8 35. Rg7 Qd6 36. Re1 a5 37. Rge7 Rc2 38. Re8+ Ka7 39. Ne3
Rc5 40. Rd1 Qf4 41. b3 Qf7 42. Red8 Qxh5 43. a4 Qe5 44. Nc4 Qe2 45. Na3 Rf5 46.
Nb5+ Rxb5 47. axb5 Qxb5 48. R1d3 b6 49. R3d7+ 1-0

[Event "Lloyds Bank Masters 3rd"]
[Site "London"]
[Date "1979.08.28"]
[Round "7"]
[White "Povah, Nigel Edward"]
[Black "Boersma, Paul"]
[Result "1-0"]
[WhiteElo "2325"]
[BlackElo "2350"]
[PlyCount "39"]
[EventDate "1979.08.22"]
[EventType "swiss"]
[EventRounds "9"]
[EventCountry "ENG"]
[SourceTitle "Big Database 2020"]
[Source "ChessBase"]
[SourceDate "1999.07.01"]
[SourceVersion "1"]
[SourceVersionDate "1999.07.01"]
[SourceQuality "1"]

1. c4 c6 2. e4 e5 3. Nf3 f5 4. exf5 e4 5. Ne5 Nf6 6. Be2 d6 7. Bh5+ Ke7 8. Nf7
Qe8 9. b3 Nxh5 10. Nxh8 g6 11. Bb2 gxf5 12. d3 Nf6 13. dxe4 fxe4 14. g4 Bg7 15.
g5 Nh5 16. Bxg7 Nxg7 17. Qd4 Kf8 18. g6 Bf5 19. gxh7 Nd7 20. Qxd6+ 1-0

[Event "Lloyds Bank Masters 3rd"]
[Site "London"]
[Date "1979.08.28"]
[Round "7"]
[White "Ravikumar, Vaidyanathan"]
[Black "Van Baarle, John"]
[Result "1/2-1/2"]
[WhiteElo "2305"]
[BlackElo "2325"]
[PlyCount "55"]
[EventDate "1979.08.22"]
[EventType "swiss"]
[EventRounds "9"]
[EventCountry "ENG"]
[SourceTitle "Big Database 2020"]
[Source "ChessBase"]
[SourceDate "1999.07.01"]
[SourceVersion "1"]
[SourceVersionDate "1999.07.01"]
[SourceQuality "1"]

1. d4 Nf6 2. Nf3 e6 3. c4 c5 4. d5 exd5 5. cxd5 d6 6. Nc3 g6 7. g3 Bg7 8. Bg2
O-O 9. O-O Re8 10. Nd2 Nbd7 11. h3 a6 12. a4 Rb8 13. a5 b5 14. axb6 Nxb6 15.
Kh2 Nfd7 16. f4 Qc7 17. Ra2 Bb7 18. e4 c4 19. Na4 f5 20. Nxb6 Nxb6 21. exf5
gxf5 22. Nb1 Qf7 23. Nc3 Bxc3 24. bxc3 Bxd5 25. Rff2 Bxg2 26. Rxg2 Nd5 27. Rxa6
Nxc3 28. Qxd6 1/2-1/2

[Event "Lloyds Bank Masters 3rd"]
[Site "London"]
[Date "1979.08.28"]
[Round "7"]
[White "Watson, John L"]
[Black "Hebden, Mark L"]
[Result "1-0"]
[WhiteElo "2375"]
[BlackElo "2230"]
[PlyCount "119"]
[EventDate "1979.08.22"]
[EventType "swiss"]
[EventRounds "9"]
[EventCountry "ENG"]
[SourceTitle "Big Database 2020"]
[Source "ChessBase"]
[SourceDate "1999.07.01"]
[SourceVersion "1"]
[SourceVersionDate "1999.07.01"]
[SourceQuality "1"]

1. c4 c5 2. Nc3 g6 3. g3 Bg7 4. Bg2 d6 5. Nf3 Nf6 6. O-O O-O 7. d4 Nc6 8. d5
Na5 9. Nd2 a6 10. Qc2 Rb8 11. b3 e5 12. Nd1 Nh5 13. e4 b5 14. Bb2 Bh6 15. Bc3
f5 16. exf5 Bxf5 17. Be4 b4 18. Bb2 Bxd2 19. Bxf5 gxf5 20. Qxd2 f4 21. Qe2 Qg5
22. Kh1 f3 23. Qe3 Qg4 24. Rg1 Rb7 25. Qd3 Rg7 26. Ne3 Qd7 27. a3 Nb7 28. Qe4
a5 29. Qh4 Nf6 30. Rae1 Ng4 31. Nxg4 Rxg4 32. Qh5 bxa3 33. Bxa3 Qf5 34. Qxf5
Rxf5 35. Rc1 Nd8 36. Ra1 Nb7 37. Bb2 Rf8 38. Rge1 Rg7 39. Bc3 Ra8 40. Re3 Rf7
41. h3 h5 42. Kh2 Kf8 43. Re4 Kg7 44. Bd2 Kg6 45. Rh4 Nd8 46. g4 Rb7 47. gxh5+
Kh7 48. Ra3 Rab8 49. Rg4 Rxb3 50. Rxb3 Rxb3 51. h6 Rb7 52. Bxa5 Nf7 53. Bd2 Nh8
54. Kg3 Ng6 55. Kxf3 Rb3+ 56. Kg2 Rb2 57. Be3 Rc2 58. Kf3 e4+ 59. Kxe4 Rxc4+
60. Kf5 1-0

[Event "Lloyds Bank Masters 3rd"]
[Site "London"]
[Date "1979.08.29"]
[Round "8"]
[White "Basman, Michael J"]
[Black "Littlewood, Paul E"]
[Result "1/2-1/2"]
[WhiteElo "2405"]
[BlackElo "2405"]
[PlyCount "84"]
[EventDate "1979.08.22"]
[EventType "swiss"]
[EventRounds "9"]
[EventCountry "ENG"]
[SourceTitle "Big Database 2020"]
[Source "ChessBase"]
[SourceDate "1999.07.01"]
[SourceVersion "1"]
[SourceVersionDate "1999.07.01"]
[SourceQuality "1"]

1. g4 d5 2. h3 e5 3. d3 c6 4. Nf3 Bd6 5. c4 e4 6. dxe4 dxe4 7. Ng5 Nf6 8. Nc3
Qe7 9. Qc2 h5 10. Ngxe4 Nxe4 11. Qxe4 Na6 12. g5 Be6 13. Be3 O-O-O 14. Bg2 Bc7
15. Rc1 Qb4 16. b3 Rhe8 17. Qc2 Qa5 18. h4 Bg4 19. Kf1 Nb4 20. Qb1 Be5 21. Bf3
Bxc3 22. Bxg4+ hxg4 23. Rxc3 Nd5 24. cxd5 Qxc3 25. Qf5+ Rd7 26. Qxg4 Qe5 27.
dxc6 bxc6 28. Kg2 f5 29. Qc4 Qd5+ 30. Qxd5 cxd5 31. Bd4 Rxe2 32. h5 Rxa2 33.
Kf3 Ra3 34. Bxg7 Rxg7 35. h6 Rxb3+ 36. Kf4 Rb5 37. Kxf5 Rf7+ 38. Ke6 Rxf2 39.
h7 Re2+ 40. Kd6 Re8 41. h8=Q Rxh8 42. Rxh8+ Kb7 1/2-1/2

[Event "Lloyds Bank Masters 3rd"]
[Site "London"]
[Date "1979.08.29"]
[Round "8"]
[White "Boersma, Paul"]
[Black "Pigott, John C"]
[Result "1-0"]
[WhiteElo "2350"]
[BlackElo "2370"]
[PlyCount "77"]
[EventDate "1979.08.22"]
[EventType "swiss"]
[EventRounds "9"]
[EventCountry "ENG"]
[SourceTitle "Big Database 2020"]
[Source "ChessBase"]
[SourceDate "1999.07.01"]
[SourceVersion "1"]
[SourceVersionDate "1999.07.01"]
[SourceQuality "1"]

1. d4 Nf6 2. c4 e6 3. Nc3 c5 4. d5 exd5 5. cxd5 d6 6. Nf3 g6 7. Bg5 h6 8. Bh4
a6 9. Nd2 Bg7 10. e3 b5 11. a4 b4 12. Nce4 g5 13. Bg3 Nxe4 14. Nxe4 O-O 15.
Nxd6 Bxb2 16. Bc4 Bc3+ 17. Kf1 Nd7 18. h4 Ne5 19. Bxe5 Bxe5 20. Nxc8 Bxa1 21.
Qxa1 g4 22. g3 Rxc8 23. Kg2 Qd6 24. e4 Rce8 25. Re1 Re5 26. Bxa6 f5 27. a5 fxe4
28. Bc4 Ref5 29. Re2 Rf3 30. a6 e3 31. Rxe3 Rxf2+ 32. Kh1 R2f7 33. Qe1 b3 34.
Rxb3 Re7 35. Qxe7 Qxe7 36. d6+ Qf7 37. Bxf7+ Kxf7 38. a7 Ra8 39. d7 1-0

[Event "Lloyds Bank Masters 3rd"]
[Site "London"]
[Date "1979.08.29"]
[Round "8"]
[White "Botterill, George Steven"]
[Black "Chandler, Murray G"]
[Result "1/2-1/2"]
[WhiteElo "2390"]
[BlackElo "2380"]
[PlyCount "63"]
[EventDate "1979.08.22"]
[EventType "swiss"]
[EventRounds "9"]
[EventCountry "ENG"]
[SourceTitle "Big Database 2020"]
[Source "ChessBase"]
[SourceDate "1999.07.01"]
[SourceVersion "1"]
[SourceVersionDate "1999.07.01"]
[SourceQuality "1"]

1. d4 Nf6 2. c4 g6 3. Nc3 d5 4. cxd5 Nxd5 5. e4 Nxc3 6. bxc3 Bg7 7. Bc4 O-O 8.
Be3 Nc6 9. h4 e5 10. Ne2 exd4 11. cxd4 Na5 12. Rc1 Nxc4 13. Rxc4 Re8 14. Qc2 c6
15. h5 Qe7 16. f3 Be6 17. Rc5 Rac8 18. Qd2 b6 19. Rc2 b5 20. Bg5 Qd7 21. Qf4
Bc4 22. Rd2 Bxe2 23. Kxe2 f5 24. hxg6 hxg6 25. e5 c5 26. Kf2 cxd4 27. Bf6 d3
28. Bxg7 Qxg7 29. Rxd3 Rxe5 30. Rd6 g5 31. Qd2 Rce8 32. Rhh6 1/2-1/2

[Event "Lloyds Bank Masters 3rd"]
[Site "London"]
[Date "1979.08.29"]
[Round "8"]
[White "Clark, Gary M"]
[Black "Nicholson, John Graham"]
[Result "0-1"]
[WhiteElo "2300"]
[BlackElo "2310"]
[PlyCount "68"]
[EventDate "1979.08.22"]
[EventType "swiss"]
[EventRounds "9"]
[EventCountry "ENG"]
[SourceTitle "JG Nicholson Collection"]
[Source "John Nicholson"]
[SourceDate "2024.04.12"]
[SourceVersion "1"]
[SourceVersionDate "2024.04.12"]
[SourceQuality "1"]

1. e4 c5 2. Nf3 e6 3. d4 cxd4 4. Nxd4 a6 5. Bd3 Nf6 6. O-O d6 7. f4 Nbd7 8. Kh1
Be7 9. Qf3 Nc5 10. Nc3 Qc7 11. Bd2 b5 12. a3 Bb7 13. b4 Nxd3 14. cxd3 O-O 15.
Rac1 Qd7 16. Nb3 Rac8 17. Be3 Qd8 18. Ne2 Ba8 19. Rxc8 Qxc8 20. Rc1 Qd7 21.
Ned4 g6 22. Na5 Rc8 23. h3 Nh5 24. g4 Ng7 25. Kh2 f5 26. gxf5 exf5 27. Qg2 fxe4
28. dxe4 Rxc1 29. Bxc1 Bf6 30. Be3 Qe8 31. Qa2+ Kh8 32. Qc2 Bxe4 33. Qc7 Bd5
34. Qxd6 Qxe3 {Source: John Nicholson} 0-1

[Event "Lloyds Bank Masters 3rd"]
[Site "London"]
[Date "1979.08.29"]
[Round "8"]
[White "Cuartas, Carlos Enrique"]
[Black "Povah, Nigel Edward"]
[Result "1-0"]
[WhiteElo "2425"]
[BlackElo "2325"]
[PlyCount "65"]
[EventDate "1979.08.22"]
[EventType "swiss"]
[EventRounds "9"]
[EventCountry "ENG"]
[SourceTitle "Big Database 2020"]
[Source "ChessBase"]
[SourceDate "1999.07.01"]
[SourceVersion "1"]
[SourceVersionDate "1999.07.01"]
[SourceQuality "1"]

1. d4 Nf6 2. c4 c5 3. d5 e6 4. Nc3 exd5 5. cxd5 d6 6. e4 g6 7. Nf3 Bg7 8. Be2
O-O 9. O-O Re8 10. Nd2 Nbd7 11. Qc2 Ne5 12. a4 g5 13. Nc4 Nxc4 14. Bxc4 Ng4 15.
Ra3 Qf6 16. h3 Ne5 17. Ne2 Nxc4 18. Qxc4 Qg6 19. Ng3 h5 20. Qc2 Re5 21. f4 gxf4
22. Bxf4 Rxd5 23. Qe2 Rd4 24. Nf5 Bxf5 25. exf5 Qxf5 26. Bh6 Qg6 27. Bxg7 Kxg7
28. Raf3 Rf8 29. Rf5 h4 30. Qe7 Qe6 31. Rg5+ Kh6 32. Rf6+ Kxg5 33. Rxe6+ 1-0

[Event "Lloyds Bank Masters 3rd"]
[Site "London"]
[Date "1979.08.29"]
[Round "8"]
[White "Fuller, Maxwell L"]
[Black "King, Daniel J"]
[Result "0-1"]
[WhiteElo "2380"]
[BlackElo "2265"]
[PlyCount "96"]
[EventDate "1979.08.22"]
[EventType "swiss"]
[EventRounds "9"]
[EventCountry "ENG"]
[SourceTitle "Big Database 2020"]
[Source "ChessBase"]
[SourceDate "1999.07.01"]
[SourceVersion "1"]
[SourceVersionDate "1999.07.01"]
[SourceQuality "1"]

1. Nf3 c5 2. g3 Nf6 3. Bg2 g6 4. O-O Bg7 5. d3 d5 6. c3 O-O 7. Qa4 Nc6 8. Qh4
b6 9. Bh6 Bb7 10. Nbd2 e5 11. Ng5 Nh5 12. Bxg7 Kxg7 13. g4 Nf6 14. f4 h6 15.
Nh3 exf4 16. Rxf4 Ne5 17. g5 hxg5 18. Qxg5 Qd6 19. d4 Ned7 20. Raf1 Rae8 21.
Bf3 Qe6 22. Nf2 Qe3 23. Nb1 Rh8 24. Na3 Nh5 25. Rg4 Qxg5 26. Rxg5 Nf4 27. Nb5
Nxe2+ 28. Kh1 f6 29. Rg4 f5 30. Rg2 Nf4 31. Rg3 Ba6 32. a4 Nf6 33. Rd1 Bxb5 34.
axb5 c4 35. Ra1 Re7 36. Rgg1 Ne4 37. Bxe4 dxe4 38. Raf1 Nd3 39. Nxd3 cxd3 40.
Rd1 f4 41. Rge1 Rh3 42. Kg2 Re3 43. Kf2 Rxe1 44. Kxe1 Kf6 45. c4 Rd7 46. d5 Ke5
47. b4 Kd4 48. Rc1 e3 0-1

[Event "Lloyds Bank Masters 3rd"]
[Site "London"]
[Date "1979.08.29"]
[Round "8"]
[White "Haik, Aldo"]
[Black "Ravikumar, Vaidyanathan"]
[Result "1-0"]
[WhiteElo "2435"]
[BlackElo "2305"]
[PlyCount "101"]
[EventDate "1979.08.22"]
[EventType "swiss"]
[EventRounds "9"]
[EventCountry "ENG"]
[SourceTitle "Big Database 2020"]
[Source "ChessBase"]
[SourceDate "1999.07.01"]
[SourceVersion "1"]
[SourceVersionDate "1999.07.01"]
[SourceQuality "1"]

1. d4 d5 2. c4 dxc4 3. Nf3 Nf6 4. e3 a6 5. Bxc4 e6 6. O-O Be7 7. Qe2 b5 8. Bd3
Bb7 9. Rd1 O-O 10. e4 Nbd7 11. Nc3 b4 12. Na4 Qc8 13. Bg5 h6 14. Bxf6 Bxf6 15.
Rac1 Qb8 16. Bb1 Rc8 17. e5 Be7 18. d5 Nf8 19. dxe6 fxe6 20. Nc5 Bd5 21. Nd4
Qb6 22. Qc2 Bxc5 23. Qxc5 Qxc5 24. Rxc5 Nd7 25. Rxd5 exd5 26. Nc6 Re8 27. f4 a5
28. Rxd5 Nb6 29. Rd4 Na4 30. Bg6 Rf8 31. Ne7+ Kh8 32. Bc2 Nxb2 33. Ng6+ Kg8 34.
Bb3+ Kh7 35. Nxf8+ Rxf8 36. Rd2 a4 37. Bd5 a3 38. Be4+ Kg8 39. Bd5+ Kh7 40. e6
Kg6 41. Rc2 Rd8 42. e7 Re8 43. Rc6+ Kf5 44. g4+ Kxg4 45. Rxc7 Nd3 46. Bf7 b3
47. Bxb3 Rb8 48. Rd7 Ne1 49. Rd8 Rxb3 50. axb3 a2 51. Ra8 1-0

[Event "Lloyds Bank Masters 3rd"]
[Site "London"]
[Date "1979.08.29"]
[Round "8"]
[White "Iskov, Gert"]
[Black "Goodman, David SC"]
[Result "1/2-1/2"]
[WhiteElo "2370"]
[BlackElo "2340"]
[PlyCount "85"]
[EventDate "1979.08.22"]
[EventType "swiss"]
[EventRounds "9"]
[EventCountry "ENG"]
[SourceTitle "Big Database 2020"]
[Source "ChessBase"]
[SourceDate "1999.07.01"]
[SourceVersion "1"]
[SourceVersionDate "1999.07.01"]
[SourceQuality "1"]

1. e4 g6 2. d4 d6 3. Nc3 Bg7 4. Nf3 Nf6 5. Be2 O-O 6. O-O Bg4 7. Be3 Nc6 8. Qd2
e5 9. dxe5 dxe5 10. Rad1 Qc8 11. Qc1 Rd8 12. Rxd8+ Qxd8 13. Rd1 Qf8 14. h3 Bxf3
15. Bxf3 h5 16. Nd5 Nxd5 17. Rxd5 Nd4 18. Bxd4 exd4 19. Qf4 Qe7 20. e5 Re8 21.
Qxd4 Bxe5 22. Qxa7 Bxb2 23. Rd1 Qb4 24. Qxb7 Re1+ 25. Kh2 Be5+ 26. g3 Qc5 27.
Kg2 Bxg3 28. Rd2 Qg5 29. Qc8+ Kg7 30. Qd8 Bf4+ 31. Qxg5 Bxg5 32. Rd7 Re7 33.
Rd5 Bf4 34. a4 Re5 35. Rd4 Rg5+ 36. Kf1 Bd6 37. Bd5 Bc5 38. Rd3 Bb6 39. c4 Rf5
40. f3 Kf6 41. Rb3 Ke5 42. Rb5 Kf4 43. Be4 1/2-1/2

[Event "Lloyds Bank Masters 3rd"]
[Site "London"]
[Date "1979.08.29"]
[Round "8"]
[White "Jansson, Borje"]
[Black "Law, Andrew P"]
[Result "1-0"]
[WhiteElo "2410"]
[BlackElo "2375"]
[PlyCount "55"]
[EventDate "1979.08.22"]
[EventType "swiss"]
[EventRounds "9"]
[EventCountry "ENG"]
[SourceTitle "Big Database 2020"]
[Source "ChessBase"]
[SourceDate "1999.07.01"]
[SourceVersion "1"]
[SourceVersionDate "1999.07.01"]
[SourceQuality "1"]

1. Nf3 Nf6 2. c4 e6 3. g3 d5 4. Bg2 dxc4 5. Qa4+ Nbd7 6. Qxc4 c5 7. Qc2 b6 8.
O-O Bb7 9. b3 Be7 10. Bb2 O-O 11. d3 Nd5 12. Nbd2 Bf6 13. Nc4 Bxb2 14. Qxb2 Qe7
15. a3 Rfd8 16. Rfd1 Qf6 17. Qd2 e5 18. Qb2 Re8 19. Nfd2 Qe6 20. Ne4 Red8 21.
b4 Rab8 22. bxc5 bxc5 23. Qc2 f5 24. Ned6 Ba8 25. Rab1 N7b6 26. e4 Nxc4 27.
exd5 Rxb1 28. dxe6 1-0

[Event "Lloyds Bank Masters 3rd"]
[Site "London"]
[Date "1979.08.29"]
[Round "8"]
[White "Knott, Simon JB"]
[Black "Davies, Nigel Rodney"]
[Result "1-0"]
[WhiteElo "2210"]
[BlackElo "2220"]
[PlyCount "61"]
[EventDate "1979.08.22"]
[EventType "swiss"]
[EventRounds "9"]
[EventCountry "ENG"]
[SourceTitle "Big Database 2020"]
[Source "ChessBase"]
[SourceDate "1999.07.01"]
[SourceVersion "1"]
[SourceVersionDate "1999.07.01"]
[SourceQuality "1"]

1. c4 g6 2. Nf3 Bg7 3. d4 Nf6 4. Nc3 O-O 5. e4 d6 6. Be2 e5 7. O-O Nbd7 8. d5
a5 9. Bg5 h6 10. Bh4 g5 11. Bg3 Nh5 12. Nd2 Nf4 13. Bg4 Bf6 14. a3 Kg7 15. f3
h5 16. Bf5 Rg8 17. Qc2 Nf8 18. b4 N8g6 19. Bxc8 Qxc8 20. c5 axb4 21. axb4 Rxa1
22. Rxa1 Nh4 23. Bxh4 gxh4 24. Kh1 Kh7 25. Rg1 Rg7 26. Nc4 Be7 27. c6 bxc6 28.
dxc6 Qb8 29. Ne3 Qa7 30. Nf5 Nh3 31. Rf1 1-0

[Event "Lloyds Bank Masters 3rd"]
[Site "London"]
[Date "1979.08.29"]
[Round "8"]
[White "Kraidman, Yair"]
[Black "Van der Weide, Piet"]
[Result "1-0"]
[WhiteElo "2445"]
[BlackElo "2290"]
[PlyCount "127"]
[EventDate "1979.08.22"]
[EventType "swiss"]
[EventRounds "9"]
[EventCountry "ENG"]
[SourceTitle "Big Database 2020"]
[Source "ChessBase"]
[SourceDate "1999.07.01"]
[SourceVersion "1"]
[SourceVersionDate "1999.07.01"]
[SourceQuality "1"]

1. d4 f5 2. g3 Nf6 3. Bg2 d6 4. Nf3 g6 5. O-O Bg7 6. b3 O-O 7. Bb2 c6 8. c4 Na6
9. Nc3 Qc7 10. Rc1 Bd7 11. d5 Rad8 12. dxc6 bxc6 13. Qd2 Nc5 14. Ne1 a5 15. Nd3
Nxd3 16. Qxd3 Ng4 17. c5 d5 18. Bxd5+ cxd5 19. Nxd5 Qa7 20. Nxe7+ Kf7 21. Bxg7
Kxg7 22. c6 Be6 23. Qc3+ Kf7 24. c7 Rde8 25. Nc6 Qxc7 26. h3 Bd5 27. hxg4 Qxc6
28. Qxc6 Bxc6 29. Rxc6 Rxe2 30. gxf5 Rxa2 31. Rd1 Kg7 32. Rd7+ Kh6 33. f6 Rb2
34. Rd3 g5 35. Kg2 Kg6 36. Rf3 Rf7 37. g4 a4 38. bxa4 Rb4 39. Ra3 Rxg4+ 40. Kf1
Ra7 41. a5 Rf4 42. a6 Rxf6 43. Rxf6+ Kxf6 44. Kg2 h5 45. Kf3 Ke5 46. Ra5+ Kd4
47. Kg3 Ke4 48. f3+ Kd4 49. Rxg5 Rxa6 50. Rxh5 Ra8 51. f4 Re8 52. Rh1 Rg8+ 53.
Kf3 Kd5 54. Re1 Ra8 55. f5 Ra4 56. Re8 Rb4 57. Kg3 Rb1 58. Kf4 Kd6 59. Kg5 Kd7
60. Re4 Rd1 61. Kg6 Rd2 62. f6 Rd1 63. Kg7 Rd2 64. Rg4 1-0

[Event "Lloyds Bank Masters 3rd"]
[Site "London"]
[Date "1979.08.29"]
[Round "8"]
[White "Odendahl, Steven M"]
[Black "Sharif, Mershad"]
[Result "1-0"]
[WhiteElo "2370"]
[BlackElo "2445"]
[PlyCount "91"]
[EventDate "1979.08.22"]
[EventType "swiss"]
[EventRounds "9"]
[EventCountry "ENG"]
[SourceTitle "Big Database 2020"]
[Source "ChessBase"]
[SourceDate "1999.07.01"]
[SourceVersion "1"]
[SourceVersionDate "1999.07.01"]
[SourceQuality "1"]

1. d4 Nf6 2. c4 e6 3. g3 d5 4. Bg2 Be7 5. Nf3 O-O 6. O-O dxc4 7. Qc2 a6 8. Qxc4
b5 9. Qc2 Bb7 10. Bf4 Nd5 11. Nc3 Nxf4 12. gxf4 Ra7 13. Rfd1 Bxf3 14. Bxf3 Bd6
15. e3 Qh4 16. Ne4 Nd7 17. a4 b4 18. a5 Nf6 19. Nxf6+ Qxf6 20. Kh1 g6 21. Rdc1
Rb8 22. Bc6 h6 23. b3 Kg7 24. Rg1 Rh8 25. Rg2 Kf8 26. Rag1 g5 27. fxg5 hxg5 28.
f4 gxf4 29. Qh7 Ke7 30. Rg8 Ra8 31. Rxa8 Rxa8 32. Bxa8 fxe3 33. Qe4 Qh8 34. Qg2
Qxd4 35. Bc6 Bf4 36. Qe4 Qd6 37. Bb7 f5 38. Qg2 Bh6 39. Qg6 c6 40. Qh7+ Ke8 41.
Qg6+ Ke7 42. Bxa6 Qd5+ 43. Qg2 Qxa5 44. Qxc6 Qe5 45. Be2 Kf7 46. Bh5+ 1-0

[Event "Lloyds Bank Masters 3rd"]
[Site "London"]
[Date "1979.08.29"]
[Round "8"]
[White "Patterson, Nicholas J"]
[Black "Crouch, Colin S"]
[Result "0-1"]
[WhiteElo "2350"]
[BlackElo "2300"]
[PlyCount "96"]
[EventDate "1979.08.22"]
[EventType "swiss"]
[EventRounds "9"]
[EventCountry "ENG"]
[SourceTitle "Big Database 2020"]
[Source "ChessBase"]
[SourceDate "1999.07.01"]
[SourceVersion "1"]
[SourceVersionDate "1999.07.01"]
[SourceQuality "1"]

1. d4 d5 2. c4 c6 3. Nf3 Nf6 4. Nc3 e6 5. e3 Nbd7 6. Qc2 Be7 7. b3 O-O 8. Bd3
Re8 9. O-O dxc4 10. bxc4 Qa5 11. e4 e5 12. Bd2 exd4 13. Nd5 Qd8 14. Nxe7+ Rxe7
15. c5 Qc7 16. Nxd4 Ne5 17. Bf4 Nh5 18. Bxe5 Qxe5 19. Ne2 Nf6 20. Rfe1 Ng4 21.
Ng3 h5 22. h3 h4 23. Nf1 Nf6 24. Nd2 Nh5 25. Nf3 Qf4 26. e5 Qh6 27. Bf5 Nf4 28.
Rad1 Be6 29. Rd6 Qh5 30. Bxe6 fxe6 31. Nh2 Rf8 32. Rd4 Ref7 33. Ng4 Qg5 34.
Ree4 Rf5 35. Qb3 Nxg2 36. Qxe6+ Kh8 37. Qxf5 Qxf5 38. Kxg2 b6 39. cxb6 axb6 40.
a4 c5 41. Rc4 Qf3+ 42. Kh2 Qd3 43. e6 Qd6+ 44. Kg2 Re8 45. Nf6 gxf6 46. Rxh4+
Kg7 47. Rcg4+ Kf8 48. Rh8+ Ke7 0-1

[Event "Lloyds Bank Masters 3rd"]
[Site "London"]
[Date "1979.08.29"]
[Round "8"]
[White "Pein, Malcolm"]
[Black "Friedgood, David"]
[Result "0-1"]
[WhiteElo "2205"]
[BlackElo "2310"]
[PlyCount "54"]
[EventDate "1979.08.22"]
[EventType "swiss"]
[EventRounds "9"]
[EventCountry "ENG"]
[SourceTitle "Big Database 2020"]
[Source "ChessBase"]
[SourceDate "1999.07.01"]
[SourceVersion "1"]
[SourceVersionDate "1999.07.01"]
[SourceQuality "1"]

1. d4 Nf6 2. c4 c5 3. d5 g6 4. Nc3 Bg7 5. e4 O-O 6. Be2 d6 7. Nf3 e6 8. Nd2 Na6
9. O-O Nc7 10. a4 Re8 11. Kh1 b6 12. f4 exd5 13. cxd5 Rb8 14. Bf3 Ba6 15. Re1
Bd3 16. Qb3 Na6 17. Nb5 c4 18. Qd1 Nb4 19. Na3 Qc7 20. Be2 Nxe4 21. Nxe4 Rxe4
22. Bf3 Rxe1+ 23. Qxe1 c3 24. bxc3 Qxc3 25. Qxc3 Bxc3 26. Rb1 Bxb1 27. Nxb1 Re8
0-1

[Event "Lloyds Bank Masters 3rd"]
[Site "London"]
[Date "1979.08.29"]
[Round "8"]
[White "Petursson, Margeir"]
[Black "Franklin, Michael J"]
[Result "1-0"]
[WhiteElo "2420"]
[BlackElo "2345"]
[PlyCount "161"]
[EventDate "1979.08.22"]
[EventType "swiss"]
[EventRounds "9"]
[EventCountry "ENG"]
[SourceTitle "Big Database 2020"]
[Source "ChessBase"]
[SourceDate "1999.07.01"]
[SourceVersion "1"]
[SourceVersionDate "1999.07.01"]
[SourceQuality "1"]

1. Nf3 Nf6 2. c4 d6 3. Nc3 e5 4. d4 Nbd7 5. e4 Be7 6. Be2 O-O 7. O-O c6 8. Re1
Qc7 9. Bf1 Re8 10. Rb1 Nf8 11. h3 Ng6 12. g3 h6 13. d5 c5 14. b4 b6 15. Bd2 Nh7
16. bxc5 bxc5 17. Qa4 Bd7 18. Qa6 Reb8 19. Nb5 Qb7 20. Qa5 Bd8 21. Qa3 Qb6 22.
Rb3 a6 23. Nc3 Qc7 24. Reb1 Rxb3 25. Qxb3 Nf6 26. Kh2 Nf8 27. Qb7 Qxb7 28. Rxb7
Bc8 29. Rb1 N8d7 30. Nh4 Kf8 31. Nf5 Bc7 32. f3 Rb8 33. Rxb8 Nxb8 34. Bd3 h5
35. Bc2 g6 36. Ne3 Ng8 37. Ne2 Nd7 38. h4 Bd8 39. Kg2 Nb6 40. Be1 Nh6 41. Nc1
Kg7 42. Nb3 f5 43. Na5 fxe4 44. fxe4 Ng4 45. Nxg4 Bxg4 46. Kf2 Bf6 47. Bb3 g5
48. Ke3 Bc8 49. Nc6 gxh4 50. gxh4 Nd7 51. Bd1 Kg6 52. Na7 Bb7 53. Ba4 Nf8 54.
Bc6 Bxc6 55. dxc6 Bd8 56. Nc8 Ne6 57. Bc3 Bc7 58. Ne7+ Kf7 59. Nd5 Bd8 60. Kd3
Ke8 61. Be1 Kf7 62. Bf2 Ke8 63. Kc2 Kf7 64. Kb3 Ke8 65. Ka4 Kf7 66. Be1 Ke8 67.
a3 Kf7 68. Ba5 Bxh4 69. c7 Nxc7 70. Bxc7 Be7 71. Ne3 h4 72. Ka5 h3 73. Nf1 Kg6
74. Kxa6 Kg5 75. Kb7 Kg4 76. a4 Kf3 77. a5 Kg2 78. a6 Kxf1 79. a7 h2 80. a8=Q
Bh4 81. Qa1+ 1-0

[Event "Lloyds Bank Masters 3rd"]
[Site "London"]
[Date "1979.08.29"]
[Round "8"]
[White "Taulbut, Shaun M"]
[Black "Sowray, Peter John"]
[Result "0-1"]
[WhiteElo "2390"]
[BlackElo "2210"]
[PlyCount "46"]
[EventDate "1979.08.22"]
[EventType "swiss"]
[EventRounds "9"]
[EventCountry "ENG"]
[SourceTitle "Big Database 2020"]
[Source "ChessBase"]
[SourceDate "1999.07.01"]
[SourceVersion "1"]
[SourceVersionDate "1999.07.01"]
[SourceQuality "1"]

1. Nf3 Nf6 2. g3 g6 3. b3 Bg7 4. Bb2 O-O 5. Bg2 d6 6. d4 Nbd7 7. O-O Rb8 8. c4
a6 9. Nc3 b5 10. cxb5 axb5 11. Re1 Bb7 12. Qc2 c5 13. e4 cxd4 14. Nxd4 b4 15.
Nd5 Rc8 16. Qd2 Nc5 17. Qxb4 Ba6 18. Qa3 Bb7 19. b4 Ra8 20. Nxf6+ Bxf6 21. Qe3
Na4 22. Ba3 Nb6 23. Rac1 Bxd4 0-1